Historia de la crítica literaria en España desde Luzán hasta nuestros días, con exclusión de los autores que aún viven / (Record no. 53742)

MARC details
000 -LEADER
campo de control de longitud fija 00924nam a2200217 i 4500
001 - NÚMERO DE CONTROL
campo de control 53742
003 - IDENTIFICADOR DE NÚMERO DE CONTROL
campo de control ES-MaACL
005 - FECHA Y HORA DE LA ÚLTIMA TRANSACCIÓN
campo de control 20250830063049.0
007 - CAMPO FIJO DE DESCRIPCIÓN FÍSICA--INFORMACIÓN GENERAL
campo de control de longitud fija t|
008 - DATOS DE LONGITUD FIJA--INFORMACIÓN GENERAL
campo de control de longitud fija 980305s1867 sp ||||1| spa d
100 1# - ENTRADA PRINCIPAL--NOMBRE DE PERSONA
Nombre de persona Fernández y González, Francisco,
Fechas asociadas al nombre 1833-1917
9 (RLIN) 49827
245 10 - MENCIÓN DEL TÍTULO
Título Historia de la crítica literaria en España desde Luzán hasta nuestros días, con exclusión de los autores que aún viven /
Mención de responsabilidad, etc. memoria escrita por Francisco Fernández González.
260 ## - PUBLICACIÓN, DISTRIBUCIÓN, ETC.
Lugar de publicación, distribución, etc. Madrid :
Nombre del editor, distribuidor, etc. [s.n.],
Fecha de publicación, distribución, etc. 1867 (
Fabricante Imp. de Alejandro Gómez Fuentenebro)
300 ## - DESCRIPCIÓN FÍSICA
Extensión 74 p. ;
Dimensiones 26 cm.
530 ## - NOTA DISPONIBLE DE FORMULARIO FÍSICO ADICIONAL
Nota de formato físico adicional disponible Disponible en formato digital.
650 #4 - PUNTO DE ACCESO ADICIONAL DE MATERIA--TÉRMINO DE MATERIA
Término de materia o nombre geográfico como elemento de entrada Crítica literaria-
Subdivisión geográfica España-
Subdivisión cronológica S.XVIII.
9 (RLIN) 161167
650 #4 - PUNTO DE ACCESO ADICIONAL DE MATERIA--TÉRMINO DE MATERIA
Término de materia o nombre geográfico como elemento de entrada Crítica literaria-
Subdivisión geográfica España-
Subdivisión cronológica S.XIX.
9 (RLIN) 161168
852 ## - LOCALIZACIÓN
Ubicación ES-MaACL
Número de control de estantería T-1293-F-8
856 ## - LOCALIZACIÓN Y ACCESO ELECTRÓNICOS
Identificador Uniforme de Recursos <a href="http://bdh-rd.bne.es/viewer.vm?id=0000102042&page=1 ">http://bdh-rd.bne.es/viewer.vm?id=0000102042&page=1 </a>
Nota pública Biblioteca Digital Hispánica
Holdings
Estatus retirado Estado de pérdida Estado de daño No para préstamo Colección Biblioteca de origen Biblioteca actual Ubicación en estantería Fecha de adquisición Fuente de adquisición Total de préstamos Signatura topográfica completa Código de barras Visto por última vez Precio de reemplazo Tipo de ítem Koha
        Colección de folletos Biblioteca del Ateneo de Madrid Biblioteca del Ateneo de Madrid Depósito folletos 17/01/2008     T-1293-F-8 1056473 23/02/2023 23/02/2023 Folleto